Responses for Show #6904 - Thursday, September 25, 2014

Catherine Hardee game 3.

Contestants

[<< previous game]

Joann Taylor, a color scientist from Portland, Oregon

Dolly Moehrle, a law librarian from Ventura, California

Catherine Hardee, a hotel front desk clerk and recent college graduate from Kinston, North Carolina (whose 2-day cash winnings total $28,000)

[next game >>]

Jeopardy! Round responses

PLAY CLASSY, SAN DIEGO
TV SHOW PLOT POINTS
SIR ARTHUR CONAN DOYLE
EAT YOUR VEGGIES
HISTORIC JOB TITLES
BURIED IN THE LEGISLATION
(Alex: Each correct response made up of letters in "legislation".)
    $200 26
(Joann: Who is Kroc?)

Ronald McDonald

DollyJoann
    $200 6
Two and a Half Men

Catherine
    $200 1
Sherlock Holmes & John Watson

Dolly
    $200 11
cucumbers

Joann
    $200 15
astronomer

Dolly
    $200 20
goalie

Joann
    $400 27
Vivaldi

Joann
    $400 7
House of Cards

Joann
    $400 2
skiing

Catherine
    $400 12
squash

Catherine
    $400 16
secretary-general

Catherine
    $400 21
slate

Joann
    $600 28
(Wyatt) Earp

Catherine
    $600 8
Desperate Housewives

Catherine
    $600 3
(J.M.) Barrie

Dolly
    $600 13
potato

Catherine
    $600 17
Army of the Potomac

Catherine
    $600 22
liaison

Dolly
    $800 29
Gemini

Joann
    $800 9
CSI: Miami

Joann
    $800 4
a tunnel

Dolly
    $2,200 14
(Catherine: What is a beet?)

radish

Catherine
    $800 18
Chancellor of the Exchequer

Catherine
    $800 24
agile

Catherine
    $1000 30
(Andy) Warhol

Catherine
    $1000 10
Lost

Joann
    $1000 5
(Alex: Ah. You've forgotten about "The Barretts of [*]". Joann, you should have rung in on that. You knew it. Don't be shy.)

Wimpole Street

Triple Stumper
    $1000 23
bok choy

Joann
    $1000 19
caliph

Catherine
    $1000 25
ogle

Joann

Scores at the first commercial break (after clue 14):

Catherine Dolly Joann
$0 $1,600 $2,400

Scores at the end of the Jeopardy! Round:

Catherine Dolly Joann
$5,200 $2,600 $6,000

Double Jeopardy! Round responses

NATIONAL PATRON SAINTS
AMERICANA
"CHAR"MED, I'M SURE
TITLE MOVIE PAIRS
HOLD YOUR HORSES!
WE'LL GET YOU THERE
    $400 8
Patrick

Catherine
    $400 6
(Catherine: What's the Smithsonian?)

The Library of Congress

CatherineDolly
    $400 13
charades

Catherine
    $400 1
Batman & Robin

Dolly
    $400 30
Clydesdales

Catherine
    $400 21
Greyhound

Dolly
    $800 9
India

Joann
    $800 7
Pennsylvania

Catherine
    $800 14
charter school

Dolly
    $800 2
Peabody & Sherman

Catherine
    $800 29
Seabiscuit

Catherine
    $800 23
(Catherine: What is Ferrari?)

Maserati

CatherineDolly
    $1200 10
(Saint) Basil

Catherine
    $1200 15
oak

Joann
    $1200 18
a charwoman

Joann
    $1200 3
Butch Cassidy & the Sundance Kid

Dolly
    $1200 28
Lipizzaners

Joann
    $1200 24
Segway

Joann
    $1600 11
(Dolly: Who is Gabriel?)

Michael

CatherineDolly
    $1600 16
Calamity Jane

Catherine
    $1600 19
a charger

Catherine
    $1600 4
Harold & Kumar

Catherine
    $1600 27
(Dolly: What is Secretariat?)

Seattle Slew

Dolly
Triple Stumper
    $1600 25
JetBlue

Dolly
    $2000 12
Denmark

Catherine
    $4,000 17
New Orleans

Catherine
    $2000 20
a charnel house

Catherine
    $2000 5
(Dolly: Who are...?)

Sid & Nancy

DollyJoann
    $3,000 26
(Dolly: What is a Shetland?)

the Arabian

Dolly
    $2000 22
Sikorsky

Joann

Scores at the end of the Double Jeopardy! Round:

Catherine Dolly Joann
$23,200 $0 $15,600

[wagering suggestions for these scores]

Final Jeopardy! Round responses

20th CENTURY LEADERS
JoannWho is Milosovich?
$15,000
CatherineWho was Tito?
$7,601
Tito

Final scores:

Catherine Dolly Joann
$30,801 $0 $600
3-day champion: $58,801 3rd place: $1,000 2nd place: $2,000

Game dynamics:

Coryat scores:

Catherine Dolly Joann
$23,400 $3,000 $15,600
26 R
(including 1 DD),
3 W
(including 1 DD)
13 R,
4 W
(including 1 DD)
17 R,
1 W

Combined Coryat: $42,000

[game clues] [game scores] [suggest correction]

Game tape date: 2014-07-16
The J! Archive is created by fans, for fans. Scraping, republication, monetization, and malicious use prohibited; this site may use cookies and collect identifying information. See terms. The Jeopardy! game show and all elements thereof, including but not limited to copyright and trademark thereto, are the property of Jeopardy Productions, Inc. and are protected under law. This website is not affiliated with, sponsored by, or operated by Jeopardy Productions, Inc. Join the discussion at JBoard.tv.